|
|
|
|
| LEADER |
00000naa a2200000uu 4500 |
| 001 |
vtls011079627 |
| 003 |
SK-MaSNL |
| 005 |
20260302143031.0 |
| 008 |
210905|1995 xo |||||||||||||||||eng| |
| 015 |
|
|
|a SNBRA
|
| 035 |
|
|
|a (urnnbn)urn:nbn:sk:snk:ar-a0che0
|
| 035 |
|
|
|a (uuid)e1736954-4115-46c1-acd9-2ef49a6d5f43
|
| 035 |
|
|
|a urn:nbn:sk:snk-aavnfq
|
| 040 |
|
|
|a SNKBUCL
|b slo
|c SNKBUCL
|e AACR2
|
| 041 |
0 |
|
|a eng
|
| 044 |
|
|
|a xo
|c SK
|
| 100 |
1 |
|
|a Hollý, B.
|4 aut
|9 269669
|
| 245 |
1 |
0 |
|a EXPERIENCE IN THE BIOMEDICAL ENGINEERING EDUCATION AT FEI STU BRATISLAVA
|c B. Hollý, F. Židek
|
| 700 |
1 |
|
|a Židek, František,
|d 1934-
|4 aut
|9 39596
|
| 773 |
0 |
|
|t Model Based Biomeasurements
|d Bratislava : Institute of Measurement Science Slovak Academy of Sciences, 1995
|g S. 423-425
|z 8096740202
|
| 958 |
|
|
|a OND
|
| 958 |
|
|
|a article12
|
| 958 |
|
|
|a chapter
|
| 999 |
|
|
|c 1342095
|d 1344025
|